New life / (Record no. 159811)

MARC details
000 -LEADER
fixed length control field 00408nam a22001697a 4500
005 - DATE AND TIME OF LATEST TRANSACTION
control field 20190105170315.0
010 ## - LCCN (DPL NO)
LC control number B-212425
020 ## - INTERNATIONAL STANDARD BOOK NUMBER
International Standard Book Number 8186939210
Terms of availability 295.00
035 ## - SYSTEM CONTROL NUMBER
System control number B-212425
037 ## - SOURCE OF ACQUISITION
Source of stock number/acquisition indiaInk
082 ## - DEWEY DECIMAL CLASSIFICATION NUMBER
Classification number N
100 ## - MAIN ENTRY--PERSONAL NAME
Personal name Mohanty, Sharmistha
245 ## - TITLE STATEMENT
Title New life /
Statement of responsibility, etc Sharmistha Mohanty
260 ## - PUBLICATION, DISTRIBUTION, ETC. (IMPRINT)
Place of publication, distribution, etc New Delhi
Name of publisher, distributor, etc IndiaInk
Date of publication, distribution, etc 2005
300 ## - PHYSICAL DESCRIPTION
Extent 292p.
Dimensions 22cm(pbk)
942 ## - ADDED ENTRY ELEMENTS (KOHA)
Source of classification or shelving scheme Dewey Decimal Classification
Item type English Books
Classification part N
Call number suffix MOH
Holdings
Withdrawn status Lost status Not for loan Collection code Home library Current library Date acquired Full call number Barcode Koha item type
      Fiction Sarojini Nagar Sarojini Nagar 05/01/2019 N MOH B-212425 English Books

© Delhi Public Library
Hit Counter
free hit counter